Robot Chicken Cast - Sudden Death - Statistics

General Stats
  • This quiz has been taken 31 times
  • The average score is 12 of 23
Answers on the Grid
Answers color-coded by a green-red scale on the quiz's grid according to % correct below.
Seth Green
Stan Lee
Elizabeth Taylor
Shia LaBeouf
Danny Glover
Alice Braga
Chris Pine
DMX
Katee Sackhoff
Guy Pearce
Mila Kunis
Al Pacino
Phil LaMarr
Jean-Claude Van Damme
Daniel Day-Lewis
Sydney Sweeney
Emma Watson
Barkhad Abdi
Scarlett Johansson
Matthew McConaughey
Sarah Michelle Gellar
Matthew Lillard
50 Cent
David Hasselhoff
Dr Dre
Mark Hamill
Bill Burr
Alfred Molina
Bryan Cranston
Alex Borstein
Jay-Z
Ricky Gervais
Tom Cruise
Joe Pesci
Missy Elliott
Daniel Radcliffe
Johnny Depp
Hilary Clinton
John Goodman
Snoop Dogg
Matt Damon
Alicia Keys
Zazie Beetz
Dave Chappelle
Macaulay Culkin
Billy Dee Williams
Seth MacFarlane
Michael Madsen
Angela Bassett
Eminem
 
Answer Stats
Answer % Correct
Seth Green
100%
Stan Lee
100%
Billy Dee Williams
67%
Macaulay Culkin
67%
Mark Hamill
67%
Matthew Lillard
67%
Mila Kunis
67%
Sarah Michelle Gellar
67%
Scarlett Johansson
67%
Seth MacFarlane
67%
Snoop Dogg
67%
Sydney Sweeney
67%
50 Cent
33%
Alex Borstein
33%
Alfred Molina
33%
Bryan Cranston
33%
Chris Pine
33%
Daniel Radcliffe
33%
David Hasselhoff
33%
Jean-Claude Van Damme
33%
Katee Sackhoff
33%
Phil LaMarr
33%
Zazie Beetz
33%
No matching quizzes found
Score Distribution
Percent of People with Each Score
Percentile by Number Answered
Your Score History
You have not taken this quiz